00593nam a2200193 a 4500001001300000003000900013005001700022008004100039020001000080082001700090100004700107245005000154260006000204300001000264500003500274505001700309650002600326700004700352nice12345678IN_TiNIC20260116011812.0050524s1978 paka grp 000 0 eng  ac10000a297.095bMIB aMinistry Of Information, And Board Casting aFirst Asian Islamic Conference 1978 Pakistan. aPakistanbMinistry of Information & Broad Castingc1978 a147p. aincludes index and biblioraphy2 aBibliography aIslam-Asia-Conference1 aMinistry Of Information, And Board Casting